| 000 | 00542nam a2200133Ia 4500 | ||
|---|---|---|---|
| 008 | 170516s9999 xx 000 0 und d | ||
| 245 | 2 | _aA Current Review of the Meniscus Imaging: Proposition of a Useful Tool for Its Radiologic Analysis, Nicolas Lefevre, Jean Francois Naouri, Serge Herman, Antoine Gerometta, Shahnaz Klouche, and Yoann Bohu | |
| 260 | _bRadiology Research and Practice | ||
| 260 | _c2017 | ||
| 300 | _a: | ||
| 650 | _xRadiologic Technology | ||
| 650 | _xRadtech | ||
| 856 | _uhttps://www.hindawi.com/journals/rrp/contents/ | ||
| 999 |
_c332093 _d332093 |
||